Polskie kluby, które zagrały w europejskich pucharach - Statystyki

Ogólne statystyki
  • Ten quiz został rozwiązany 109 razy
    96 od ostatniego zresetowania
  • Średni wynik to 24 z 36
Statystyki odpowiedzi
Hint Odpowiedź % Poprawnych
25 Lech Poznań
100%
44 Legia Warszawa
100%
18 Wisła Kraków
96%
6 Jagiellonia Białystok
95%
3 Lechia Gdańsk
91%
4 Cracovia
90%
8 Pogoń Szczecin
90%
12 Ruch Chorzów
90%
2 Arka Gdynia
88%
13 Śląsk Wrocław
88%
3 Raków Częstochowa
86%
14 Widzew Łódź
86%
21 Górnik Zabrze
85%
8 Polonia Warszawa
85%
4 ŁKS Łódź
83%
11 GKS Katowice
81%
10 Zagłębie Lubin
80%
6 Stal Mielec
77%
4 Piast Gliwice
73%
2 Polonia Bytom
69%
3 Wisła Płock
64%
1 Zawisza Bydgoszcz
64%
5 Amica Wronki
62%
1 GKS Bełchatów
56%
6 Zagłębie Sosnowiec
53%
1 Miedź Legnica
48%
2 Szombierki Bytom
47%
4 Dyskobolia Grodzisk Wielkopolski
46%
1 GKS Tychy
46%
1 Stal Rzeszów
46%
1 Odra Opole
44%
1 Hutnik Kraków
38%
4 Gwardia Warszawa
31%
3 Odra Wodzisław Śląski
26%
1 Górnik Wałbrzych
14%
1 Zagłębie Wałbrzych
12%
Nie znaleziono quizów pasujących do podanych kryteriów
Rozkład punktacji
Procent ludzi z każdym wynikiem
Percentyl według liczby udzielonych odpowiedzi
Twoja historia wyników
Nie rozwiązałeś tego quizu od ostatniego zresetowania